00956nam a2200229 a 450000100100000000500170001000800410002704000250006808200190009311000960011224500680020825000160027626000480029230000210034065000690036165000470043065000590047765000470053604900090058395201170059299900170070900001719320200929165037.0100319s1920 dr 000 0 spa d aDO-SdBNPbspacBNPHU a372.071bR426p1 aRepública DominicanabSecretaría de Estado de Justicia e Instrucciones Pública93783610aProgramas para el examen de maestros de instrucción primaria. aed. oficial aSanto Domingo :bJ. R. Vda García,c1920. a134 p. ;c24 cm. 4aCapacitación docentexProgramaszRepública Dominicana937837 4aEducaciónxEnseñanzaxProgramas937838 4aEducación a distanciazRepública Dominicana936357 4aFormación profesional de maestros917397 aBNPD 0010718PDaPDbPDcCTd2010-03-19iLF1l0o372.071 R426pp17193-10r2020-06-25w2020-06-25yLFPDZNo se presta c16719d16719